[Event "Challenge"]
[Site "http://www.queenalice.com/game.php?id=1798708"]
[Date "2022.10.27"]
[Round "-"]
[White "Nigel68"]
[Black "Sovietic1982"]
[Result "1-0"]
[WhiteElo "1843"]
[BlackElo "1919"]

1. e4 e5 2. Nf3 Nc6 3. d3 h6 4. a3 Nf6 5. Nc3 Bc5 6. b4 Bb6 7. Be2 Ng4 8. Be3
Bxe3 9. fxe3 Nxe3 10. Qd2 Nxg2+ 11. Kf2 Nf4 12. Rhg1 Nh3+ 13. Ke3 Nxg1 14. Rxg1
O-O 15. Nd5 d6 16. Kf2 Kh7 17. d4 Nxd4 18. Rg3 c6 19. Nxd4 cxd5 20. Nf5 Qf6 21.
Rxg7+ Kh8 22. Rg3 Bxf5 23. exf5 Qxf5+ 24. Ke1 Kh7 25. Qxd5 Qxc2 26. Bd3+ Qxd3
27. Qxd3+ f5 28. Qxd6 Rg8 29. Qd7+ Kh8 30. Qxb7 Raf8 31. Qc7 f4 32. Qxe5+ Kh7
33. Qc7+ Kh8 34. Rxg8+ Kxg8 35. Qxa7 f3 36. Qe3 Kh7 37. b5 f2+ 38. Qxf2 Re8+ 39.
Qe2 Ra8 40. Qe4+ 1-0

[Event "AUTO-ADV-4666"]
[Site "http://www.queenalice.com/game.php?id=1803086"]
[Date "2022.12.31"]
[Round "1"]
[White "Sovietic1982"]
[Black "MMA34"]
[Result "1-0"]
[WhiteElo "1925"]
[BlackElo "1829"]

1. e4 c5 2. Bc4 d6 3. Nc3 Nc6 4. Qh5 e6 5. d3 Nf6 6. Qf3 Be7 7. Nge2 Nb4 8. Bb3
Bd7 9. a3 Nc6 10. O-O a6 11. Bc4 b5 12. Ba2 Rb8 13. Be3 Ne5 14. Qg3 Ng6 15. b4
cxb4 16. axb4 O-O 17. h3 e5 18. f3 h5 19. Bxf7+ Kxf7 20. f4 exf4 21. Bxf4 h4 22.
Qg5 Rh8 23. Be3 Rh5 24. Rxf6+ Bxf6 25. Qxh5 Be8 26. Qd5+ Kf8 27. Rxa6 Be7 28.
Qh5 Kg8 29. Qd5+ Kh7 30. Ra1 Bf6 31. Rf1 Qc7 32. Qh5+ Kg8 33. Qd5+ Bf7 34. Qf5
Re8 35. Nd5 Qd8 36. Nef4 Bg5 37. Nxg6 Bxe3+ 38. Nxe3 Bxg6 39. Qxg6 1-0

[Event "AUTO-ADV-4666"]
[Site "http://www.queenalice.com/game.php?id=1803087"]
[Date "2022.12.31"]
[Round "1"]
[White "MMA34"]
[Black "Sovietic1982"]
[Result "1-0"]
[WhiteElo "1782"]
[BlackElo "1892"]

1. d4 d5 2. c4 e6 3. Nf3 h6 4. e3 c6 5. Be2 Nf6 6. Nc3 Bb4 7. Bd2 Nbd7 8. O-O
Ng4 9. h3 h5 10. Nh2 Nxh2 11. Kxh2 Bd6+ 12. Kg1 Qc7 13. f4 Qd8 14. Bxh5 Nf6 15.
Bf3 Rh6 16. c5 Bc7 17. b4 b5 18. g4 Rxh3 19. Kg2 Rh8 20. Rh1 Rg8 21. g5 Nd7 22.
Qc2 Qe7 23. Rh7 Nf8 24. Rh3 Bd7 25. Rah1 Ng6 26. Bh5 O-O-O 27. Bxg6 fxg6 28.
Qxg6 Be8 29. Qd3 Bf7 30. Be1 Qe8 31. Qe2 Bg6 32. e4 dxe4 33. Qe3 Qf7 34. Bg3 Bf5
35. Rh4 Kb7 36. a4 a6 37. a5 Qg6 38. Ne2 Qf7 39. Nc3 Bg6 40. Nxe4 Qf5 41. Re1
Rd7 42. Bf2 Rgd8 43. Qf3 e5 44. dxe5 Qe6 45. Nd6+ Bxd6 46. cxd6 Bf5 47. Rc1 Qg6
48. Qe3 Be4+ 49. Kg3 Bc2 50. Qb6+ Kc8 51. Qxc6+ Kb8 52. Rxc2 Qf5 53. Rh1 Rf8 54.
Be3 Rb7 55. Rhh2 g6 56. Rcd2 Rc8 57. Qd5 Qf8 58. Bc5 Qg7 59. Qd4 Qf7 60. Qd5 Qg7
61. Rh6 Rd7 62. Qe6 Rcd8 63. Rxg6 Qh7 64. Rh6 Qg7 65. Bb6 Rc8 66. Bc7+ Ka7 67.
Qf6 Qg8 68. e6 Rg7 69. g6 Rf8 70. Qd4+ Ka8 71. Qd5+ Ka7 72. d7 Rxg6+ 73. Rxg6
Qxg6+ 74. Qg5 Qxe6 75. Bb6+ 1-0

[Event "AUTO-ADV-4666"]
[Site "http://www.queenalice.com/game.php?id=1803088"]
[Date "2022.12.31"]
[Round "1"]
[White "Sovietic1982"]
[Black "Bordon"]
[Result "1-0"]
[WhiteElo "1900"]
[BlackElo "1829"]

1. e4 e5 2. Nf3 Nc6 3. c3 Nf6 4. Bd3 Bc5 5. h3 d6 6. O-O Be6 7. Re1 O-O 8. a3 d5
9. b4 Bd6 10. Ng5 Qe7 11. Bb5 h6 12. Nf3 dxe4 13. Nh2 Bd7 14. c4 a6 15. Bxc6
Bxc6 16. c5 Bxc5 17. bxc5 Qxc5 18. Re3 Rad8 19. Bb2 Rd7 20. Nf1 Rfd8 21. Bc3 Nd5
22. Rg3 Nxc3 23. Rxc3 Qb6 24. Rg3 f5 25. Qh5 Rd6 26. Qxf5 Qb2 27. Qg4 R8d7 28.
Ne3 Qxa1 29. Nf5 Qxb1+ 30. Kh2 g5 31. Nxh6+ Rxh6 32. Qxg5+ Kh7 33. Qg8# 1-0

[Event "AUTO-ADV-4666"]
[Site "http://www.queenalice.com/game.php?id=1803089"]
[Date "2022.12.31"]
[Round "1"]
[White "Bordon"]
[Black "Sovietic1982"]
[Result "0-1"]
[WhiteElo "1816"]
[BlackElo "1913"]

1. e4 e5 2. Nf3 Qf6 3. d4 d6 4. d5 a6 5. Be3 h6 6. c4 c5 7. Be2 Bg4 8. h3 Bd7 9.
Qd2 Qg6 10. b4 b6 11. Rg1 Be7 12. bxc5 bxc5 13. Nc3 Nf6 14. Bd3 O-O 15. a4 a5
16. Nh4 Qh5 17. Nf3 Na6 18. Nb5 Rfc8 19. Be2 Qg6 20. Nh4 Qxe4 21. Nf3 Nb4 22.
Rc1 Qh7 23. Nc3 Bf5 24. Nh4 Bd3 25. Kf1 Bxe2+ 26. Qxe2 Nd3 27. Rd1 e4 28. Nxe4
Nxe4 29. Qxd3 Bxh4 30. g3 Bf6 31. Kg2 Rab8 32. Rb1 Rxb1 33. Rxb1 Qg6 34. Bf4 Bd4
35. Be3 Bxe3 36. Qxe3 Nxg3 0-1

[Event "AUTO-ADV-4666"]
[Site "http://www.queenalice.com/game.php?id=1803090"]
[Date "2022.12.31"]
[Round "1"]
[White "Sovietic1982"]
[Black "luiz_gustavo"]
[Result "0-1"]
[WhiteElo "1914"]
[BlackElo "1759"]

1. e4 e5 2. Nf3 Nc6 3. a3 Nf6 4. d3 Bc5 5. h3 d6 6. c3 Be6 7. b4 Bb6 8. Be2 h6
9. O-O O-O 10. a4 a6 11. a5 Ba7 12. b5 axb5 13. a6 bxa6 14. Rxa6 Bxf2+ 15. Rxf2
Rxa6 16. Be3 d5 17. Nbd2 dxe4 18. dxe4 Ra5 19. Rf1 b4 20. cxb4 Nxb4 21. Bf2 Qa8
22. Qb1 Rb8 23. Qe1 Ra1 24. Nb1 Ba2 25. Qc3 Rxb1 26. Be1 Nxe4 27. Qxe5 Re8 28.
Qf4 Qa7+ 29. Kh2 Nd5 30. Qh4 c5 31. Bd3 Qc7+ 32. Kg1 Ne3 33. Bxb1 Nxf1 34. Bxa2
Ne3 35. Bb1 Nf5 36. Qg4 Ne3 37. Qh4 Qe7 38. Qf4 Nd5 39. Qf5 Ndf6 40. Bd2 Nxd2
41. Bd3 Nxf3+ 42. Qxf3 Qe1+ 43. Kh2 Kh8 44. Bb5 Rd8 45. Bc4 Qe5+ 46. Kh1 Nh5 47.
Bxf7 Ng3+ 48. Kh2 Ne2+ 49. g3 Nxg3 50. Bc4 Rd2+ 51. Kg1 Qe1+ 52. Bf1 Qxf1+ 53.
Qxf1 Nxf1 54. Kxf1 c4 0-1

[Event "AUTO-ADV-4666"]
[Site "http://www.queenalice.com/game.php?id=1803091"]
[Date "2022.12.31"]
[Round "1"]
[White "luiz_gustavo"]
[Black "Sovietic1982"]
[Result "1-0"]
[WhiteElo "1754"]
[BlackElo "1937"]

1. e4 e5 2. Nf3 Nc6 3. Bb5 Bd6 4. Nc3 Na5 5. b4 Bxb4 6. Nd5 Bd6 7. Nc3 a6 8. Ba4
c6 9. a3 Nf6 10. d3 h6 11. O-O Ng4 12. h3 h5 13. Nh2 Qh4 14. Nxg4 hxg4 15. Qxg4
Qxg4 16. hxg4 Bc5 17. Re1 d6 18. g5 g6 19. Ne2 Be6 20. Bd2 O-O-O 21. Bxa5 b6 22.
Bb4 b5 23. Bxc5 bxa4 24. Be3 Rh5 25. Ng3 Rh4 26. f3 Kd7 27. Kf2 Rhh8 28. Rab1 c5
29. c3 Bb3 30. d4 cxd4 31. cxd4 Bc2 32. Rbc1 Rc8 33. d5 Rc3 34. Bd2 Rcc8 35. Bb4
Rc4 36. Re2 Rhc8 37. Nf1 Ke7 38. Ne3 Rd4 39. Rexc2 Rd8 40. Rc7+ Kf8 41. Ng4 f5
42. exf5 Kg8 43. Rc8 Rxc8 44. Rxc8+ Kf7 45. f6 Rf4 46. Bxd6 Rxg4 47. fxg4 e4 48.
Rc7+ Kg8 49. Be5 Kf8 50. Bd6+ Ke8 51. f7+ Kd8 52. f8=R# 1-0

[Event "Challenge"]
[Site "http://www.queenalice.com/game.php?id=1832319"]
[Date "2024.2.24"]
[Round "-"]
[White "Sovietic1982"]
[Black "Leftpawn"]
[Result "0-1"]
[WhiteElo "1764"]
[BlackElo "1711"]

1. e4 c5 2. Bc4 d6 3. Nc3 a6 4. Qf3 e6 5. d3 b5 6. Bb3 Be7 7. Nge2 Nf6 8. O-O
O-O 9. h3 Nc6 10. e5 Nd5 11. Nxd5 exd5 12. Qxd5 Bb7 13. e6 fxe6 14. Qxe6+ Kh8
15. Qe4 Qc7 16. Bd5 Rae8 17. d4 Bf6 18. Qd3 Nb4 19. Qd2 Nxd5 20. c3 c4 21. a3
Nb6 22. f3 Nd5 23. Re1 Ne7 24. Qf4 Nc6 25. Qg4 Bc8 26. Qg3 Bf5 27. Bf4 Rd8 28.
b4 cxb3 29. Bc1 Rde8 30. Bb2 Qd8 31. Qf4 Bd3 32. Qd2 Bxe2 33. Rxe2 Na5 34. Rae1
Nc4 35. Qc1 a5 36. Qa1 a4 37. Kh1 Bh4 38. Rxe8 Rxe8 39. Rg1 Nxb2 40. Qxb2 Re1
41. Qd2 Rxg1+ 42. Kxg1 d5 43. Qe2 Qd7 44. Qe5 b2 45. Qf4 Qd8 46. Kh2 b1=Q 47.
Qf7 Bg3+ 48. Kxg3 Qg6+ 49. Qxg6 hxg6 0-1

[Event "AUTO-OPEN-4535"]
[Site "http://www.queenalice.com/game.php?id=1839186"]
[Date "2024.6.25"]
[Round "1"]
[White "Sovietic1982"]
[Black "dave_j"]
[Result "0-1"]
[WhiteElo "1775"]
[BlackElo "2043"]

1. e4 e6 2. Nf3 Bc5 3. d4 Be7 4. e5 d5 5. Bb5+ Bd7 6. Qd3 a6 7. Bxd7+ Nxd7 8.
O-O c5 9. Be3 c4 10. Qc3 a5 11. a3 b5 12. Qd2 h6 13. Nc3 b4 14. Nb5 Nb8 15. axb4
Bxb4 16. c3 Be7 17. b4 cxb3 18. Qe2 a4 19. Rfb1 Nd7 20. Bc1 Nb6 21. Na3 Bxa3 22.
Bxa3 Nc4 23. Nd2 Nxa3 24. Rxa3 Ne7 25. Qb5+ Qd7 26. Qxd7+ Kxd7 27. c4 Rhc8 28.
c5 Nc6 29. Nf3 Nb4 30. Nd2 Nc2 31. Rxa4 Rxa4 32. Rxb3 Ra1+ 33. Nf1 Nxd4 34. Rb7+
Rc7 35. Rb4 Ne2+ 0-1

[Event "AUTO-OPEN-4535"]
[Site "http://www.queenalice.com/game.php?id=1839187"]
[Date "2024.6.25"]
[Round "1"]
[White "dave_j"]
[Black "Sovietic1982"]
[Result "1/2-1/2"]
[WhiteElo "1980"]
[BlackElo "1745"]

1. d4 d5 2. Nf3 h6 3. Bf4 f6 4. h3 Nc6 5. e3 a6 6. a3 Bf5 7. Bd3 e6 8. Nc3 g5 9.
Bxf5 exf5 10. Bg3 Nge7 11. h4 g4 12. Nd2 Qd7 13. b4 O-O-O 14. O-O h5 15. Qe2 f4
16. Bxf4 Ng6 17. g3 Bd6 18. Bxd6 Qxd6 19. b5 Nb8 20. bxa6 Nxa6 21. Nb5 Qb6 22.
Rfb1 Kd7 23. a4 Ra8 24. c4 Ne7 25. c5 Qc6 26. Nb3 b6 27. Rc1 f5 28. cxb6 Qxb6
29. Nc5+ Nxc5 30. Rxc5 c6 31. Nc3 Rhf8 32. Rb1 Qc7 33. Qa2 Ra6 34. Qc2 Rfa8 35.
Rb4 Ke6 36. Ne2 Kd7 37. Nf4 Kd6 38. Nxh5 Rf8 39. Nf4 Kd7 40. Nd3 Ng6 41. Qb2 Kd6
42. Ne5 Nxe5 43. dxe5+ Ke6 44. Qd4 Rd8 45. Qd3 Rda8 46. Qd4 Qd7 47. Qf4 Qg7 48.
Kg2 Qxe5 49. Qh6+ Qf6 50. Qf4 Qe5 51. Qxe5+ Kxe5 52. f4+ Kd6 53. Rc2 Re8 54. Kf2
c5 55. Rb5 d4 56. Rcxc5 dxe3+ 57. Ke2 Rxa4 58. Rd5+ Kc6 59. Rdc5+ Kd6 60. Rd5+
Kc6 61. Rdc5+ Kd6 1/2-1/2

[Event "AUTO-OPEN-4535"]
[Site "http://www.queenalice.com/game.php?id=1839190"]
[Date "2024.6.25"]
[Round "1"]
[White "Sovietic1982"]
[Black "cerenzo72"]
[Result "0-1"]
[WhiteElo "1749"]
[BlackElo "2057"]

1. e4 e5 2. Nf3 d6 3. h3 Nc6 4. Bb5 Bd7 5. O-O Nf6 6. d3 Be7 7. Nc3 O-O 8. Bg5
a6 9. Ba4 b5 10. Bb3 Na5 11. a3 Nxb3 12. cxb3 c5 13. Qd2 Be6 14. Qd1 Qd7 15. Ne2
Qc7 16. Qd2 Bxb3 17. Rac1 Qb7 18. Bh6 gxh6 19. Qxh6 Kh8 20. Ng5 Rg8 21. Ng3 Rg6
22. Qh4 Rag8 23. f4 exf4 24. Qxf4 Rxg5 25. Rf3 Nh5 26. Qd2 Nxg3 27. Qc3+ f6 28.
Re1 Bf7 29. Ree3 Bf8 30. Qxf6+ R8g7 31. Rf2 Nh5 32. Qd8 Rg8 33. Ref3 R5g7 34. b3
Be7 35. Qa5 Bxb3 36. Qc3 c4 37. Rf7 h6 38. R2f5 Ng3 39. Rf2 Bd1 40. Qb2 cxd3 41.
Rxg7 Rxg7 42. Rf7 Nh5 43. Qe2 Bxe2 0-1

[Event "AUTO-OPEN-4535"]
[Site "http://www.queenalice.com/game.php?id=1839191"]
[Date "2024.6.25"]
[Round "1"]
[White "cerenzo72"]
[Black "Sovietic1982"]
[Result "0-1"]
[WhiteElo "2079"]
[BlackElo "1746"]

1. b3 d5 2. Bb2 Nc6 3. g3 Nf6 4. Bg2 e6 5. e3 e5 6. Nc3 Bb4 7. Nge2 O-O 8. O-O
Bf5 9. d3 Qe7 10. Nxd5 Qd6 11. Nxb4 Nxb4 12. Bxb7 Rab8 13. Bg2 Qe6 14. e4 Bh3
15. f4 Bxg2 16. Kxg2 Ng4 17. Bc1 f5 18. h3 Nf6 19. c3 Nc6 20. fxe5 Qxe5 21. Rxf5
Qe6 22. Nf4 Qd6 23. Qe2 Ne7 24. e5 Qc6+ 25. Kh2 Nxf5 26. exf6 Rxf6 27. Bb2 Re8
28. Qg4 Ne3 29. Qe2 Nd5 30. Qd2 Nxf4 31. gxf4 Rfe6 32. Qd1 Re2+ 0-1

[Event "Challenge"]
[Site "http://www.queenalice.com/game.php?id=1840122"]
[Date "2024.7.11"]
[Round "-"]
[White "Mr_SPOCK"]
[Black "Sovietic1982"]
[Result "1-0"]
[WhiteElo "1653"]
[BlackElo "1770"]

1. e4 e5 2. Bc4 Nf6 3. d4 Nxe4 4. Qh5 Qe7 5. Ne2 exd4 6. O-O g6 7. Qf3 f5 8.
Nxd4 Qc5 9. Nc3 Qxc4 10. Be3 d6 11. Rae1 h6 12. Nxe4 fxe4 13. Qxe4+ Be7 14. Bxh6
Rh7 15. Qxg6+ Rf7 16. c3 Kd7 17. b3 Rf6 18. Rxe7+ Kxe7 19. Qe4+ Be6 20. bxc4 Nd7
21. Bg5 Rf8 22. f4 Nc5 23. Qh7+ Rf7 24. Qh8 Ne4 25. Bh4 Rf8 26. Qh7+ Rf7 27.
Qxe4 1-0

[Event "Challenge"]
[Site "http://www.queenalice.com/game.php?id=1845175"]
[Date "2024.10.11"]
[Round "-"]
[White "Sovietic1982"]
[Black "Mr_SPOCK"]
[Result "1-0"]
[WhiteElo "1754"]
[BlackElo "1646"]

1. e4 e5 2. Nf3 Nc6 3. c3 Bc5 4. d3 Nf6 5. Bg5 b5 6. b4 Bb6 7. Na3 d6 8. h3 a5
9. Nxb5 Bd7 10. a3 axb4 11. cxb4 O-O 12. Be2 Nb8 13. O-O c6 14. Nc3 Bxh3 15.
gxh3 h6 16. Bh4 c5 17. b5 Qd7 18. Kg2 Nh5 19. Nd5 Qxb5 20. d4 c4 21. Qc1 Nf4+
22. Nxf4 Bd8 23. Bxc4 Qd7 24. Nh5 Kh7 25. dxe5 Ra4 26. Bg3 g6 27. Nf6+ Bxf6 28.
exf6 Nc6 29. Ng5+ Kh8 30. Nf3 g5 31. Nxg5 Nd8 32. Nf3 Kh7 33. Ng5+ Kg6 34. Bf4
Rg8 35. Rd1 Nb7 36. e5 d5 37. Rxd5 Qc6 38. Qc2+ Kh5 39. Qe2+ Kh4 40. Qg4# 1-0